000 00634nam a22002177a 4500
003 UA-OsUOA
001 113443
007 ta
008 20150908b un ||||| |||| 00| 0 ukr d
100 _aСеліверстов В.В.
090 _a330
_bС29
942 _cSA
040 _aUA-OsUOA
_bfre
_cUA-OsUOA
_dUA-OsUOA
245 _aРоль часових лагів у впливі монетарної політики ФРС США
300 _aС.115-126
955 _a0
041 _afre
080 _a330
773 0 _w113436
_tФінанси України
_dК.
_d2015
_g7
650 7 _a330 Економіка взагалі
_2UDC
999 _c400084
_d400084